Cell physiology

Spremljeno u:
Bibliografski detalji
Glavni autor: Giese, Arthur C (Autor)
Format: Knjiga
Jezik:engleski
Izdano: Filadelfia W. B. Saunders 1962
Izdanje:2a. ed
Teme:
Oznake: Dodaj oznaku
Bez oznaka, Budi prvi tko označuje ovaj zapis!

MARC

LEADER 00000nam a2200000 a 4500
001 UCT2403
003 CL-VaPUC
008 961011e19620000US |||||||||||||||||eng|d
082 0 4 |a 571.6  |b GIE  |2 21 
100 |a Giese, Arthur C  |e author  |9 556656 
245 1 0 |a Cell physiology 
250 |a 2a. ed 
300 |a 592 p 
942 |c BK 
945 |d 19961011 00:00:00  |a paguirre 
260 |a Filadelfia  |b W. B. Saunders  |c 1962 
650 0 |a Células   |9 269548 
650 0 |a Fisiología celular   |9 261425 
650 0 |a División celular  |9 343784 
650 0 |a Citología  |9 261432 
650 7 |a FAGOCITOSIS  |2 CL-VaPUC  |9 370270 
650 7 |a ELECTROLISIS  |2 CL-VaPUC  |9 360639 
650 0 |a Moléculas   |9 259584 
650 7 |a NUCLEO CELULAR  |2 CL-VaPUC  |9 370183 
583 |a last modification  |c 19961011 00:00:00  |k Rodrigo Vera 
999 |c 252519  |d 252517 
952 |0 0  |1 0  |2 ddc  |4 0  |6 571_600000000000000_GIE_1962  |7 0  |8 A  |9 272422  |a BIBCUR  |b BIBCUR  |c PAC  |d 2019-11-19  |i 1763075  |o 571.6 GIE 1962  |p 1763075  |r 2025-04-22  |w 2019-11-19  |y BK  |k BCB